|
|
|
|
| LEADER |
02036nam a2200493 a 4500 |
| 001 |
EBC3037937 |
| 003 |
MiAaPQ |
| 005 |
20200520144314.0 |
| 006 |
m o d | |
| 007 |
cr cn||||||||| |
| 008 |
050815s2006 txuab sb 001 0 eng d |
| 010 |
|
|
|z 2005022855
|
| 020 |
|
|
|z 9781585444731
|
| 020 |
|
|
|z 1585444731 (cloth : alk. paper)
|
| 020 |
|
|
|a 9781603445467 (electronic bk.)
|
| 035 |
|
|
|a (MiAaPQ)EBC3037937
|
| 035 |
|
|
|a (Au-PeEL)EBL3037937
|
| 035 |
|
|
|a (CaPaEBR)ebr10456032
|
| 035 |
|
|
|a (CaONFJC)MIL436481
|
| 035 |
|
|
|a (OCoLC)654513963
|
| 040 |
|
|
|a MiAaPQ
|c MiAaPQ
|d MiAaPQ
|
| 043 |
|
|
|a n-us---
|a n-us-tx
|
| 050 |
|
4 |
|a HE356.U55
|b E75 2006
|
| 082 |
0 |
4 |
|a 388.1/22/09764
|2 22
|
| 100 |
1 |
|
|a Erlichman, Howard J.,
|d 1953-
|
| 245 |
1 |
0 |
|a Camino del Norte
|h [electronic resource] :
|b how a series of watering holes, fords, and dirt trails evolved into Interstate 35 in Texas /
|c Howard J. Erlichman.
|
| 250 |
|
|
|a 1st ed.
|
| 260 |
|
|
|a College Station :
|b Texas A&M University Press,
|c c2006.
|
| 300 |
|
|
|a xi, 284 p. :
|b ill., maps.
|
| 490 |
1 |
|
|a Centennial series of the Association of Former Students, Texas A&M University ;
|v no. 105
|
| 504 |
|
|
|a Includes bibliographical references (p. 245-273) and index.
|
| 533 |
|
|
|a Electronic reproduction. Ann Arbor, MI : ProQuest, 2015. Available via World Wide Web. Access may be limited to ProQuest affiliated libraries.
|
| 650 |
|
0 |
|a Roads
|z Texas
|x History.
|
| 650 |
|
0 |
|a Trade routes
|z Texas
|x History.
|
| 650 |
|
0 |
|a Express highways
|z Texas
|x History.
|
| 650 |
|
0 |
|a Transportation, Automotive
|z Texas
|x History.
|
| 650 |
|
0 |
|a Roads
|z Texas
|x Design and construction
|x History.
|
| 651 |
|
0 |
|a Interstate 35
|x History.
|
| 651 |
|
0 |
|a Texas
|x History, Local.
|
| 651 |
|
0 |
|a Texas
|x Commerce
|x History.
|
| 655 |
|
4 |
|a Electronic books.
|
| 710 |
2 |
|
|a ProQuest (Firm)
|
| 830 |
|
0 |
|a Centennial series of the Association of Former Students, Texas A&M University ;
|v no. 105.
|
| 856 |
4 |
0 |
|u https://ebookcentral.proquest.com/lib/matrademy/detail.action?docID=3037937
|z Click to View
|